| 000 | 01741nam0a2200337 4500 | ||
|---|---|---|---|
| 001 | RU\NLR\b_ik\152595 | ||
| 005 | 20250616230025.0 | ||
| 035 | _a(NLR Aleph) 002225633 | ||
| 090 |
_a3358429 _c3358429 |
||
| 100 | _a20061020d2005 |||y0rusy50 ca | ||
| 101 | 0 |
_aeng _drus |
|
| 102 | _aRU | ||
| 105 | _aa ||||||||| | ||
| 200 | 1 |
_aPuzzles of saving behaviour of Russian households _fO. Kuzina |
|
| 210 |
_aМосква _cГУ ВШЭ _d2005 |
||
| 215 |
_a50, [1] c. _cил. _d21 |
||
| 225 | 1 |
_aПрепринт _fГос. ун-т - Высш. шк. экономики, Междунар. ин-т экономики и финансов _vWP9/2005/05 _iСерия WP9. Исследования по экономике и финансам - Research in economics and finance |
|
| 300 | _aВ вып. дан.: Парадоксы сберегательного поведения российских домохозяйств / Кузина О.Е. | ||
| 300 | _aРез. на рус. яз. | ||
| 320 | _aБиблиогр.: с. 41-43 | ||
| 517 | 0 | _aПарадоксы сберегательного поведения российских домохозяйств | |
| 541 | 0 |
_aПарадоксы сберегательного поведения российских домохозяйств _zrus |
|
| 606 | 1 |
_aПотребление _yРоссийская Федерация _92452365 _3RU\NLR\AUTH\661457995 |
|
| 606 | 1 |
_aСбережения индивидуальные _yРоссийская Федерация _92242613 _3RU\NLR\AUTH\661345601 |
|
| 686 | 4 | _aУ9(2)-967(2Р) | |
| 686 | 4 | _aУ26(2)216 | |
| 700 | 1 |
_aKuzina _bO. E. _4070 |
|
| 801 | 0 |
_aRU _bNLR _c20061020 _gPSBO |
|
| 942 | _cBOOK | ||
| 980 | _aNB | ||